Aposentadoria especial dos deficientes Aspectos legais, processuais e administrativos /

Detalles Bibliográficos
Autor principal: Mauss, Adriano
Otros Autores: Costa, Jos ̌Ricardo
Formato: eBook
Lenguaje:portugués
Publicado: San Pablo: LTR, 2018
Edición:2da edicin̤
Materias:
Acceso en línea:Acceso restringido

MARC

LEADER 00000nam a22000007a 4500
005 20180928121058.0
007 cr|||| ||||
008 180928s2018 br |||||s|||| 00||0 por d
020 |a 978-85-361-9474-5 
035 |a 21949 
040 |a vLex 
090 |c 8149  |d 8149 
100 1 |a Mauss, Adriano 
245 1 0 |a Aposentadoria especial dos deficientes  |h [Recurso electrn̤ico] :  |b Aspectos legais, processuais e administrativos /  |c Adriano Mauss, Jos ̌Ricardo Costa 
250 |a 2da edicin̤ 
256 |a Servicio en ln̕ea 
260 |a San Pablo:  |b LTR,  |c 2018 
300 |a 1 recurso electrn̤ico 
506 1 |a Disponible solo en los productos indicados  |d vLex Global  |d vLex Global (Academic Edition, excluding Law Schools)  |d vLex Global (U.S. Academic Edition, Law Schools)  |d vLex Global (U.S. Academic Edition, excluding Law Schools)  |d vLex Global (Academic Edition, Law Schools) 
650 0 4 |a Derecho Civil  |z Brasil 
700 1 |a Costa, Jos ̌Ricardo 
740 0 |a vLex Libros (Servicio en ln̕ea) 
856 4 0 |u http://vlex.com/source/aposentadoria-especial-deficientes-aspectos-legais-processuais-administrativos-2-edi-o-21949  |z Acceso restringido 
942 |c BOOK 
999 0 |a Civil Law